Aguafuertes porteñas /
Guardado en:
| Autor Principal: | |
|---|---|
| Formato: | Libro |
| Publicado: |
Buenos Aires :
Reysa,
2004
|
| Materias: | |
| Etiquetas: |
Agregar Etiqueta
Sin Etiquetas, Sea el primero en etiquetar este registro!
|
| LEADER | 01745nam a22002055a 4500 | ||
|---|---|---|---|
| 001 | CEM.cems012134 | ||
| 005 | 20060608000000.0 | ||
| 008 | 130507s2004##################000#0#####d | ||
| 003 | CEMS | ||
| 020 | |a 9872064997 | ||
| 082 | 0 | 4 | |a A863.4 |
| 100 | 1 | |a Arlt, Roberto | |
| 245 | 1 | 0 | |a Aguafuertes porteñas / |c Roberto Art |
| 260 | |a Buenos Aires : |b Reysa, |c 2004 | ||
| 300 | |a 124 p. | ||
| 505 | 0 | |a Yo no tengo la culpa -- Causa y sinrazón de los celos -- Soliloquio del solterón -- El origen de algunas palabras de nuestro léxico popular -- Divertido origen de la palabra "squenun" -- Las tristeza del sábado inglés -- La muchacha del atado -- La tragedia de un hombre honrado -- Los tomadores de sol en el Botánico -- Apuntes filosóficos acerca del hombre que "se tira a muerto" -- Silla en la vereda -- Motivos de la gimnasia sueca -- Ventanas iluminadas -- Diálogo de lechería -- El que siempre da la razón -- La señora del médico -- El turco que juega y sueña -- El placer de vagabundear -- ¡Atenti, nena, que el tiempo pasa! -- el hombre corcho -- ¿No se lo decía yo? -- Padres negreros -- "Laburo" nocturno -- El relojero -- El hombre del apuro -- Del que no se casa -- La decadencia de la receta médica -- Conversaciones de ladrones -- La terrible sinceridad -- El idioma de los argentinos -- Psicología simple del latero -- La madre en la vida y en la novela -- La vida contemplativa -- Candidatos a millonarios -- Sobre la simpatía humana -- El tímido llamado -- La tragedia del hombre que busca empleo -- ¿Quiere ser usted diputado? -- La inutilidad de los libros | |
| 653 | |a Literatura | ||
| 653 | |a Literatura argentina siglo 20 | ||
| 653 | |a Aguafuertes | ||
| 859 | |a CEMS |b BIB. CEMS - 11 de abril |h A863.4 |i Ar75-7 |p 23370.06 |t Ej.1 | ||
